000 00605nam a22001577a 4500
003 OSt
005 20151103111055.0
008 151103b xxu||||| |||| 00| 0 eng d
040 _cRUA
082 _aFOR THA 1996 B122 Or.1
100 _93259
_aTHATH, KUNTHEA.
245 _aA research on pinus merkush planting in pursat province (សិក្សារស្រាវជ្រាវអំពីការដាំស្រល់ស្លឺកពីរ (pinus merkusii)នៅខេត្តពោធិ័សាត់)
260 _aPhnom Penh
_bRUA
_c1996
300 _a62p.
_bill.
_c29cm.
942 _2ddc
_cFOR
999 _c3043
_d3043